"Mennyi sok mindent odaadtam"
Elmentve itt :
| Dokumentumtípus: | Cikk |
|---|---|
| Megjelent: |
1973-03-15
|
| Sorozat: | Délmagyarország
63 No. 62 |
| Kulcsszavak: | élelmiszer |
| Online Access: | http://dmarchiv.bibl.u-szeged.hu/108791 |
| LEADER | 00396nab a2200145 i 4500 | ||
|---|---|---|---|
| 001 | delm108791 | ||
| 005 | 20190402151755.0 | ||
| 008 | 190402s1973 hu o 0|| hun d | ||
| 040 | |a SZTE Délmagyarország Archívum |b hun | ||
| 041 | |a hun | ||
| 245 | 0 | 0 | |a "Mennyi sok mindent odaadtam" |h [elektronikus dokumentum] |
| 260 | |c 1973-03-15 | ||
| 300 | |a 5 | ||
| 490 | 0 | |a Délmagyarország |v 63 No. 62 | |
| 695 | |a élelmiszer | ||